Office Supplies Close Up Quiz Stats

Quiz Updated Jan 13, 2014

Challenge
Share
Tweet
Score 0/20 Timer 04:00
2 Plays Today
Office supply % Correct
Paper clip
98.1%
Calculator
97.9%
Ruler
97.8%
Pencils
97.7%
Highlighter
95.9%
Rubber band
94.3%
Tape
93.9%
Stapler
93.8%
Scissors
93.8%
Post-it Note
93.5%
Office supply % Correct
Manila folder
87.2%
Legal Pad
86.7%
Staple remover
84.2%
Glue
84.1%
Copier
77.5%
Hole punch
71.3%
Name tag
70.6%
Thumbtack
69%
Calendar
62.4%
Envelope
20.7%

You're not logged in!

Compare scores with friends on all Sporcle quizzes.
Join for Free
OR
Log In

You Might Also Like...

Show Comments

Extras

Top Quizzes Today


Score Distribution

Your Account Isn't Verified!

In order to create a playlist on Sporcle, you need to verify the email address you used during registration. Go to your Sporcle Settings to finish the process.

Report this User

Report this user for behavior that violates our Community Guidelines.

Details: